Foreign exchange interventions and interest rate policy in the Czech Republic hand in glove?

Salvato in:
Dettagli Bibliografici
Autore principale: Égert, Balázs
Altri autori: Komárek, Luboš
Natura: Libro
Lingua:inglese
Pubblicazione: Praha Czech National Bank 2005
Serie:Working paper series 7/2005
Soggetti:
Tags: Aggiungi Tag
Nessun Tag, puoi essere il primo ad aggiungerne!!

MARC

LEADER 00000nam$a2200000$$$4500
001 0038327
005 20240313135324.6
041 0 |a eng 
044 |a CZ 
245 1 0 |a Foreign exchange interventions and interest rate policy in the Czech Republic  |b hand in glove?  |c Balázs Égert, Luboš Komárek 
264 1 |a Praha  |b Czech National Bank  |c 2005 
300 |a 31 s. 
490 1 |a Working paper series  |v 7/2005 
830 0 |a Working paper series  |v 7/2005 
610 2 0 |a kurz devízový 
610 2 0 |a valuty 
610 2 0 |a miera úroková 
610 2 0 |a intervencie 
610 2 0 |a obdobie prechodné 
610 2 0 |a banky 
610 2 0 |a štúdie pracovné 
610 2 0 |a modelovanie ekonometrické 
610 2 0 |a Česko 
100 1 |a Égert, Balázs 
700 1 |a Komárek, Luboš